| 000 | 00764nas a2200241 4500 | ||
|---|---|---|---|
| 001 | BR8300558 | ||
| 003 | BR-BrBNA | ||
| 005 | 20231205085423.0 | ||
| 007 | ta | ||
| 008 | 230509b bl.|||p| |||| 00| 00por d | ||
| 040 |
_aBR-BrBNA _bpor _cBiblioteca Nacional de Agricultura |
||
| 041 | _a(Pt) | ||
| 072 | _aL73 | ||
| 100 | 1 | _aSchonhofen, C.A. | |
| 100 | 1 | _aGarcia, R.G.F. | |
| 245 | 1 | _aOcorrencia de Candida albicans em Ara maracana (Arara maracana)[candidiase] | |
| 246 | 1 | _aCrop moniliases in Ara maracana [Candida albicans] | |
| 650 | _aARARA | ||
| 650 | _aCANDIDIASE | ||
| 773 | 0 |
_tArquivos de Biologia e Tecnologia (Brazil) _xISSN 0365-0979 _g(1983), v. 26(1) p. 121-122 _wBR8300558 |
|
| 909 |
_a202311 _bLúcia _c55 _dLúcia Elande |
||
| 942 |
_2AGRIS _n0 _cANA |
||
| 999 |
_c111341 _d111341 |
||